000 00724nam a2200289Ia 4500
001 16437
003 GE_BSU
008 181216s||||||||xx |||||||||||||| ||und||
020 _a9781471500213
040 _cGE_BSU
080 _a811.111(075.8)
100 _aEvans Virginia,Jenny Dooley
245 _aPrime Time 4. STUDENT S' Book
245 _bSTUDENT S' Book
260 _aNewbury
260 _bExpress publishing
260 _c2012
300 _a204p,ill,30cm
300 _b+Class CDs(7);Version 1CD
541 _h21gel.20t.
653 _agrammar
653 _aPrime Time 4
653 _aSTUDENT S' Book
653 _aგრამატიკა
653 _aინგლისური
942 _cBK
999 _c49508
_d49508